GLOBAL STRATEGIC PLANNING : (Registro nro. 45320)
[ vista simple ]
| 000 -LEADER | |
|---|---|
| fixed length control field | 01091nam a2200205 a 4500 |
| 001 - CONTROL NUMBER | |
| control field | 45320 |
| 005 - DATE AND TIME OF LATEST TRANSACTION | |
| control field | 20180714024455.0 |
| 008 - FIXED-LENGTH DATA ELEMENTS--GENERAL INFORMATION | |
| fixed length control field | 140415s2002 000 0 spa d |
| 020 ## - INTERNATIONAL STANDARD BOOK NUMBER | |
| International Standard Book Number | 075067413X |
| 041 ## - LANGUAGE CODE | |
| Language code of text/sound track or separate title | spa |
| 082 ## - DEWEY DECIMAL CLASSIFICATION NUMBER | |
| Classification number | 658.4012 |
| Item number | KAT |
| 100 1# - MAIN ENTRY--PERSONAL NAME | |
| Personal name | KATSIOLOUDES, MARIOS I. |
| 245 10 - TITLE STATEMENT | |
| Title | GLOBAL STRATEGIC PLANNING : |
| Remainder of title | CULTURAL PERSPECTIVES FOR PROFIT AND NONPROFIT ORGANIZATIONS |
| 250 ## - EDITION STATEMENT | |
| Edition statement | 1a ed. |
| 260 ## - PUBLICATION, DISTRIBUTION, ETC. | |
| Place of publication, distribution, etc. | [s.l.] : |
| Name of publisher, distributor, etc. | BUTTERWORTH-HEINEMANN, |
| Date of publication, distribution, etc. | 2002 |
| 300 ## - PHYSICAL DESCRIPTION | |
| Extent | 396 |
| Dimensions | 16 x 2.5 x 24 |
| 490 ## - SERIES STATEMENT | |
| Series statement | MANAGING CULTURAL DIFFERENCES SERIES |
| 520 ## - SUMMARY, ETC. | |
| Summary, etc. | ESTE UNICO APROXIMAMIENTO AL PROCESO DE PLANEACIÓN ESTRATÉGICA VA MAS ALLA DE LA APLICACIÓN TRADICIONAL DEL SECTOR DE UTILIDADES Y ASPECTOS GLOBALES DE PLANEACIÓN ESTRATEGICA. MÁS IMPORTANTE, EL DOCTOR INTERPRETA EL IMPACTO CULTURAL, ORGANIZACIONAL, NACIONAL Y TEMAS GLOBALES EN EL PROCESO DE PLANEACIÓN ESTRATEGICA, DA EJEMPLOS, EJERCICIOS Y SOLUCIONES PARA HACER UNA PARTE CLAVE PARA HACER LA ADMINISTRACIÓN INTERNACIONAL MAS FÁCIL Y EXITOSA. |
| 650 14 - SUBJECT ADDED ENTRY--TOPICAL TERM | |
| Topical term or geographic name entry element | GLOBALIZACION |
| General subdivision | PLANIFICACION ESTRATEGICA |
| Withdrawn status | Lost status | Source of classification or shelving scheme | Damaged status | Not for loan | Collection code | Home library | Current library | Shelving location | Date acquired | Source of acquisition | Inventory number | Total Checkouts | Full call number | Barcode | Date last seen | Price effective from | Koha item type |
|---|---|---|---|---|---|---|---|---|---|---|---|---|---|---|---|---|---|
| Dewey Decimal Classification | General | Biblioteca Karol Wojtyla | Biblioteca Karol Wojtyla | Sala general | 03/12/2013 | Compra | 151000000000000000014655 | 658.4012 KAT | 68139 | 05/01/2026 | 03/12/2013 | Libro | |||||
| Dewey Decimal Classification | General | Biblioteca Karol Wojtyla | Biblioteca Karol Wojtyla | Sala general | 03/12/2013 | Compra | 151000000000000000014654 | 658.4012 KAT | 68138 | 05/01/2026 | 03/12/2013 | Libro |